000 01389cam a22002771i 4500
003 SA-RiAUC
005 20250513100240.0
008 250513s1978 su g f000 0cara c
040 _aSA-JeALM
_bara
_cSA-RiAUC
_erda
082 0 4 _a239.9
_bخ ع ر
_qSA-RiAUC
090 _a239.9
_b خ ي ا
100 1 _aخياط، عبد الله عبد الغني،
_d1326-1415 هجري
_eمؤلف.
245 1 2 _aالرواد الثلاثة :
_bرجال صدقوا ما عاهدوا الله عليه /
_cعبد الله خياط.
260 _aالطائف، السعودية :
_bنادي الطائف الأدبي،
_c1398 = 1978
300 _a110 صفحة ؛
_c24 سم
336 _aنص
_btxt
_2rdacontent
_3كتاب
337 _aبدون وسيط
_bn
_2rdamedia
338 _aمجلد
_bnc
_2rdacarrier
500 _aإهداء من المؤلف عبدالله خياط بتاريخ 1399/2/26 هـ
600 1 7 _aسعد بن أبي وقاص، مالك بن أهيب بن عبد مناف،
_d23 قبل الهجرة-55 هجري
_2aucnm
600 0 7 _aمصعب بن عمير بن هاشم القرشي،
_dتوفي 3 هجري
_2aucnm
600 1 7 _aأبو هريرة، عبد الرحمن بن صخر الدوسي،
_d21 قبل الهجرة-59 هجري
_2aucnm
650 7 _aالصحابة والتابعون
_vتراجم
_2aucsh
942 _2ddc
_cBOOK
_n0
949 _aSA-JeALM
_d250513
_umohamedma123
_n1
999 _c7900
_d7900